Biotechnology of Horticultural Crops (Record no. 4033)

MARC details
000 -LEADER
fixed length control field 00397nam a22001457a 4500
008 - FIXED-LENGTH DATA ELEMENTS--GENERAL INFORMATION
fixed length control field 250701b |||||||| |||| 00| 0 eng d
020 ## - INTERNATIONAL STANDARD BOOK NUMBER
ISBN 9781788821537
100 ## - MAIN ENTRY--AUTHOR
Author Stevens Donavan
245 ## - TITLE STATEMENT
Title Biotechnology of Horticultural Crops
260 ## - PUBLICATION, DISTRIBUTION, ETC. (IMPRINT)
Place of publication United Kingdom
Name of publisher ED-Tech Press
Date of publication 2020
300 ## - COLLATION
Pagination 339p.
650 ## - TRACINGS
Main Subject Horticulture crops-Biotechnology
942 ## - ADDED ENTRY ELEMENTS (KOHA)
Item type Books
050 ## - LIBRARY OF CONGRESS CALL NUMBER
Classification number SB 318
Item number .S74
Holdings
Source of classification or shelving scheme Not for loan Permanent location Current location Date acquired Accession No. Full call number Barcode. Koha item type
Library of Congress Classification   Samuel Ogbemudia Main Library, University of Abuja Samuel Ogbemudia Main Library, University of Abuja 07/01/2025 2023/61881 SB 318 .S74 2025-2751 Books